00744 a2200145 4500003000500000005001700005040000900022082001500031100002500046245005300071260003400124300001100158505039900169650003000568Nust20230315095920.0 cNust a384.54,WHI aWilson, G. Whittaker aWriting for Broad Casting /cG. Whittaker Wilson aLondonbA & C Block Ltdc1935 a150,p; aThe Microphone as a medium (Page-1), High Comedy (Page-20), Low Comedy (Page-32), Musical Comedy (Page-38), Burlesque and Satire (Page-47), Biographical Plats (Page-53), Historical Plays (Page-66), Drama (Page-79), Characterization (Page-89), Pageants (Page-102), The Famous Trials Series (Page-114), The Writhing of Talks (Page-131), The Broadcasting of Talks (Page-140), Epilogue (Page-146).  aWriting for broad casting